000 01942nam a22002897a 4500
005 20110630114551.0
010 _aENG-102818 B-456441-445
020 _a9788132105220
_c375.00
035 _aEN-86351 B-456441-445
037 _bDBAD/PUB
037 _bAllied Pub/Ven
082 _a658.827
100 _aSarin, Sharad
_946355
245 _aStrategic brand management for B2B markets :
_cby Sharad Sarin
_ba road map for organizational transformation /
260 _aNew Delhi
_bResponse Books
_c2011
270 _aB1/I-11 Mohan Cooperative Industrial Area Mathura Road,
_bNew Delhi
_e110044
300 _axix,260p.
_c22cm (pbk)
500 _aIncludes bibliographical references and index
942 _2ddc
_cEN
_mSAR
_h658.827
999 _c53447
_d53447